Washington State by Picture - Statistics

General Stats
  • This quiz has been taken 7,738 times
  • The average score is 10 of 15
Answer Stats
Picture Hint Answer % Correct
company Starbucks
99%
company Microsoft
95%
landmark Space Needle
90%
volcano Mount St. Helens
81%
richer than Bill Gates Jeff Bezos
78%
movie series Twilight
74%
volcano Mount Rainier
68%
body of water Puget Sound
68%
company Boeing
65%
river Columbia River
55%
company Costco
49%
agricultural product Hops
37%
national park Olympic National Park
37%
state mammal Olympic marmot
33%
#1 hydroelectric plant in the U.S. {Grand} {Coulee} Dam
29%
No matching quizzes found
Score Distribution
Percent of People with Each Score
Percentile by Number Answered
Your Score History
You have not taken this quiz